Moral of the Story - Ashe ft. Niall Horan (Lyrics) - Statistics

General Stats
  • This quiz has been taken 198 times
  • The average score is 234 of 351
Answer Stats
% Correct
I
97%
a
94%
[Verse 1] So
94%
you
91%
You
91%
really
89%
love
88%
the
87%
in
86%
In
86%
[Chorus] Some
86%
some
86%
that
86%
That
86%
to
85%
mistakes
84%
okay
83%
alright
82%
made
82%
That's
82%
that's
82%
it
81%
be
79%
can
79%
can
79%
moral
79%
your
79%
never
78%
of
78%
just
77%
knew
77%
story
77%
think
77%
with
77%
With
77%
you're
76%
fall
75%
it's
75%
[Verse 2] It's
75%
people
75%
said
75%
this
75%
" sometimes
74%
wrong
74%
get
73%
God
73%
me
73%
pain
73%
end
72%
my
72%
tried
72%
When
72%
" guy
70%
better
69%
for
69%
[Pre-Chorus] Talking
69%
we
69%
She
65%
But
63%
do
63%
find
63%
Oh
60%
lawyer
59%
addicted
57%
babe
57%
could
57%
Blindsided
55%
" Where'd
53%
was
50%
foolish
48%
" Young
43%
obvious
42%
Thought
42%
all
37%
And
37%
and
37%
how
37%
funny
34%
He
34%
have
32%
Turns
32%
turns
32%
Ooh
31%
bad
30%
dream
30%
into
29%
memory
29%
say
29%
engaged
27%
father
27%
Hindsight
27%
house
26%
loved
24%
at
23%
lost
22%
running
22%
like
21%
our
21%
[Bridge] They
21%
mine
20%
paper
20%
wild
19%
down
18%
not
18%
Than
17%
burned
16%
shit
16%
volatile
16%
[Post-Chorus] Oh-oh
15%
(Intro) | [Outro] | [Post-Chorus] Oh-oh
15%
oh-oh
15%
tell
14%
up
14%
strangers
13%
changes
11%
Ended
11%
load
11%
need
11%
No matching quizzes found
Score Distribution
Percent of People with Each Score
Percentile by Number Answered
Your Score History
You have not taken this quiz